Statistics for Countries with more than two I

Click here to take the quiz!

General Stats

  • This quiz has been taken 42 times
  • The average score is 3 of 5

Answer Stats

Answer% Correct
Kiribati3
66%
Saint Vincent and the Grenadines3
60%
Saint Kitts and Nevis3
51%
Dominican Republic3
49%
Philippines3
31%

Score Distribution

Percentile by Number Answered

Percent of People with Each Score

Your Score History

You have not taken this quiz